| 000 | 01861nam0a2200361 i 4500 | ||
|---|---|---|---|
| 001 | RU\NLR\bibl\1888292 | ||
| 005 | 20260405105845.0 | ||
| 010 |
_a9785979508542 _975 |
||
| 021 |
_aRU _b2012-20368 _91542 |
||
| 035 | _a(NLR Aleph) 001878000 | ||
| 090 |
_a2751631 _c2751631 |
||
| 100 | _a20120405d2011 k y0rusy50 ca | ||
| 101 | 0 |
_arus _deng |
|
| 102 | _aRU | ||
| 105 | _ay ||||||||| | ||
| 200 | 1 |
_aСовременные тенденции развития экономики _fЭ.Н. Разнодежина, Р.М. Камалтдинова, И.А. Филиппова _gМ-во образования и науки Рос. Федерации, Федер. гос. бюджет. образоват. учреждение высш. проф. образования "Ульян. гос. техн. ун-т" |
|
| 210 |
_aУльяновск _cУлГТУ _d2011 |
||
| 215 |
_a119 с. _d20 |
||
| 300 | _aРез. на англ. яз. | ||
| 320 | _aБиблиогр.: с. 111-118 (70 назв.) и в подстроч. прим. | ||
| 606 | 1 |
_aИнновационная деятельность _yРоссийская Федерация _92101842 _3RU\NLR\auth\661271084 |
|
| 606 | 1 |
_aИнновационная деятельность _yПриволжский федеральный округ _92114044 _3RU\NLR\auth\661580833 |
|
| 686 | _aУ9(2)-55(2Р) | ||
| 686 | _aУ9(2)-55(2Р35) | ||
| 700 | 1 |
_aРазнодежина _bЭ. Н. _gЭльвира Николаевна _4070 |
|
| 701 | 1 |
_aКамалтдинова _bР. М. _gРузалия Маратовна _4070 |
|
| 701 | 1 |
_4070 _8rus _7ca _aФилиппова _bИ. А. _cэкономист _gИрина Александровна _3RU\NLR\auth\7741117 _924067 |
|
| 801 | 0 |
_aRU _bNLR _c20120405 _gRCR |
|
| 801 | 1 |
_aRU _bNLR _c20120405 |
|
| 830 | _aавт. по кн. | ||
| 942 | _cBOOK | ||
| 980 | _aNBR | ||